000 00271nam a22001217a 4500
008 171005b xxu||||| |||| 00| 0 eng d
041 _aeng
080 _a519.9
100 _a48
101 _aPSI
245 _aSANITY, MADNESS AND THE FAMILY
_cLAING,R.D
942 _2udc
_cBK
999 _c31859
_d31859